000 00660nam a2200277Ia 4500
005 20260324120952.0
008 008 260324s9999 xx 000 0 eng d
020 _a9780429110764
037 _aEBOOK
040 _aCRL
040 _beng
040 _cCRL
041 _2eng
041 _aeng
084 _qCRL
100 _aMichael G. Kenward; Byron Jones
_91160673
245 0 _aDesign and Analysis of Cross-Over Trials
260 _bTaylor and Francis
260 _c2014
365 _a
365 _b225
856 _uhttp://www.taylorfrancis.com/books/9780429110764
942 _cEBOOK
999 _c1752493
_d1752493